000 00222nam a22000857a 4500
008 170612b xxu||||| |||| 00| 0 eng d
100 _93355
_aAgarwala. S. K
245 _aStatistics for Economics
260 _aNew Delhi
_bA. I
_c2009
999 _c6692
_d6692